000 00301nam a2200097Ia 4500
001 670174
005 20250826160802.0
008 250824s9999 xx 000 0 und d
245 0 _aBaşıma Yıldırım Düştü! Olasılıkların İlginç Dünyası
_cJeffrey S. Rosenthal
260 _bTÜBİTAK YAYINLARI
999 _c670174
_d670174